Efektívny marketing
Gespeichert in:
| 1. Verfasser: | |
|---|---|
| Weitere Verfasser: | |
| Format: | Buch |
| Sprache: | Slowakisch |
| Veröffentlicht: |
Bratislava
Ikar
2002
|
| Schriftenreihe: | Malý sprievodca podnikaním
|
| Schlagworte: | |
| Tags: |
Keine Tags, Fügen Sie das erste Tag hinzu!
|
MARC
| LEADER | 00000nam a2200000 4500 | ||
|---|---|---|---|
| 001 | c143034 | ||
| 005 | 20221124095016.8 | ||
| 020 | |a 80-551-0399-2 | ||
| 041 | 0 | |a slo | |
| 044 | |a SK | ||
| 245 | 1 | 0 | |a Efektívny marketing |c Peter Hingston ; preklad: Sylvia Dzúriková |
| 264 | 1 | |a Bratislava |b Ikar |c 2002 | |
| 300 | |a 192 s. | ||
| 490 | 1 | |a Malý sprievodca podnikaním | |
| 830 | 0 | |a Malý sprievodca podnikaním | |
| 610 | 2 | 0 | |a marketing |
| 610 | 2 | 0 | |a efektívnosť |
| 610 | 2 | 0 | |a prieskum trhu |
| 610 | 2 | 0 | |a konkurencia |
| 610 | 2 | 0 | |a ceny |
| 610 | 2 | 0 | |a propagácia |
| 610 | 2 | 0 | |a reklama |
| 610 | 2 | 0 | |a stratégia marketingová |
| 610 | 2 | 0 | |a podnik |
| 610 | 2 | 0 | |a imidž |
| 610 | 2 | 0 | |a technika predaja |
| 610 | 2 | 0 | |a plánovanie strategické |
| 610 | 2 | 0 | |a adresáre |
| 100 | 1 | |a Hingston, Peter | |
| 700 | 1 | |a Dzúriková, Sylvia | |